| 000 | 00575cam a22001814a 4500 | ||
|---|---|---|---|
| 020 | _a9781849711340 | ||
| 040 | _cDLC | ||
| 082 | 0 | 0 | _a338 EAR 2010 A068 Or. |
| 245 | 0 | 4 |
_aThe rice crisis : _bmarkets, policies and food security / |
| 260 |
_aLondon ; _aWashington, DC : _bEarthscan, _c2010. |
||
| 300 |
_axxiii, 368 p. : _bill. ; _c25 cm. |
||
| 500 | _aBased on papers presented at a workshop organized by FAO in Chiang Mai, Thailand, Feb. 9-12, 2009. | ||
| 650 | 0 | _aRice trade. | |
| 650 | 0 | _aRice | |
| 650 | 0 | _aFood supply. | |
| 700 | 1 | _aDawe, David Charles. | |
| 942 | _cEK | ||
| 999 |
_c14706 _d14706 |
||